| 000 | 01007nam a2200205Ia 4500 | ||
|---|---|---|---|
| 003 | Ost | ||
| 005 | 20260507075032.0 | ||
| 008 | 260507s9999||||xx |||||||||||||| ||und|| | ||
| 040 | _cfsecg | ||
| 041 | _aara | ||
| 082 | _a330 | ||
| 100 |
_aفهمى، محمد كمال _eمؤلف |
||
| 245 | 0 |
_aأصول القانون الدولي الخاص : _bالجنسية- المواطن- مركز الأجانب- مادة التنازع / _c محمد كمال فهمى |
|
| 260 |
_aالإسكندرية: _bمؤسسة الثقافة الجامعية, _c2006 |
||
| 300 |
_a719 صفحة؛ _bإيضاحات ؛ _c24 سم |
||
| 520 | _aتعريف بالقانون الدولي الخاص- موضوع القانون الدولي الخاص- مصادر القانون الدولي الخاص- طبيعة القانون الدولي الخاص- الجنسية والمواطن- مركز الأجانب- التنازع | ||
| 653 | _aالقانون الخاص | ||
| 653 | _aالقانون الدولي | ||
| 942 | _cكتاب | ||
| 999 |
_c42415 _d42415 |
||